Welcome to the Holygrace Academy Library

Please use search bar below to get started

OPTICS & MODERN PHYSICS (Record no. 1437)

MARC details
000 -LEADER
fixed length control field 00368nam a22001577a 4500
020 ## - INTERNATIONAL STANDARD BOOK NUMBER
ISBN 81-88222-13-5
082 ## - DEWEY DECIMAL CLASSIFICATION NUMBER
Classification number 530
Item number PAN/O
100 ## - MAIN ENTRY--AUTHOR NAME
Personal name PANDEY D.C
245 ## - TITLE STATEMENT
Title OPTICS & MODERN PHYSICS
Remainder of title PHYSICS
246 ## - VARYING FORM OF TITLE
Title proper/short title OPTICS & MODERN PHYSICS
Remainder of title PHYSICS
260 ## - PUBLICATION, DISTRIBUTION, ETC. (IMPRINT)
Place of publication MEERUT
Name of publisher ARIHANT PUBLICATIONS5
300 ## - PHYSICAL DESCRIPTION
Number of Pages 263
520 ## - SUMMARY, ETC.
Summary, etc physics
650 ## - SUBJECT ADDED ENTRY--TOPICAL TERM
Topical Term physics
942 ## - ADDED ENTRY ELEMENTS (KOHA)
Koha item type Books
Holdings
Withdrawn status Lost status Collection code Home library Current library Shelving location Date acquired Source of acquisition Cost, normal purchase price Full call number Accession Number Koha item type
    Reference Main Library Main Library SHELF-5C REFERENCE PHYSICS 23/10/2006 Purchase 150.00 530 PAN/O 03315 Books
    Reference Main Library Main Library SHELF-5C REFERENCE PHYSICS 04/03/2006 Purchase 150.00 530 PAN/O 02243 Books